000 00765nam a2200265Ia 4500
003 OSt
005 20220916111054.0
006 a|||||r|||| 00| 0
007 ta
008 220915b |||||||| |||| 00| 0 eng d
020 _a0865314969 (hbk)
024 _a248027
037 _cTextbook
040 _beng
_aARTS
_cARTS
041 _aeng
082 _aV1:19(zT)p, M3
100 _aHeckrotte Warren Ed.
245 0 _aArms control in Transition: proceedings of the livermore arms control conference
260 _aBoulder
_bWestview Press India
300 _axvi,191p.
_ccm.
650 _aHISTORY
700 _a Smith George Ed.
942 _hV1:19(zT)p, M3
_cTB
_2CC
999 _c104993
_d104993